Library of the University of Algiers 3
Ibrahim Sultan Cheibout
شعار جامعة الجزائر 3
مكتبة جامعة الجزائر 3
إبراهيم سلطان شيبوط

محاضرات في الموازنة العامة / (رقم التسجيلة. 45338)

تفاصيل مارك
000 -LEADER
fixed length control field 00948nam a2200205Ia 4500
003 - CONTROL NUMBER IDENTIFIER
control field Ost
005 - DATE AND TIME OF LATEST TRANSACTION
control field 20260507075638.0
008 - FIXED-LENGTH DATA ELEMENTS--GENERAL INFORMATION
fixed length control field 260507s9999||||xx |||||||||||||| ||und||
040 ## - CATALOGING SOURCE
Transcribing agency fsecg
041 ## - LANGUAGE CODE
Language code of text/sound track or separate title ara
082 ## - DEWEY DECIMAL CLASSIFICATION NUMBER
Classification number 342.02
100 ## - MAIN ENTRY--PERSONAL NAME
Personal name القاضي، عفيف المقدم
Relator term مؤلف
245 #0 - TITLE STATEMENT
Title محاضرات في الموازنة العامة /
Statement of responsibility, etc. عفيف المقدم القاضي
260 ## - PUBLICATION, DISTRIBUTION, ETC.
Place of publication, distribution, etc. بيروت:
Name of publisher, distributor, etc. الدار الجامعية,
Date of publication, distribution, etc. 2000
300 ## - PHYSICAL DESCRIPTION
Extent 74 صفحة؛
Dimensions 24 سم
520 ## - SUMMARY, ETC.
Summary, etc. الدستور و النصوص المالية مع أبرز خصائص الموازنة العامة ، مبدأ الشمول والشيوع مبدأسنوية الموازنة ، مبدأ وحدة الموازنة، اعداد الموازنة ، قرار الموازنة ،تنفيذ الموازنة ، ملااقبة تنفيذ الموتزنة
653 ## - INDEX TERM--UNCONTROLLED
Uncontrolled term الدستور
653 ## - INDEX TERM--UNCONTROLLED
Uncontrolled term الموازنة
942 ## - ADDED ENTRY ELEMENTS (KOHA)
Koha item type كتب
المقتنيات
Withdrawn status Lost status Source of classification or shelving scheme Damaged status Not for loan Home library Current library Date acquired Serial enumeration / chronology Inventory number Total checkouts Full call number Barcode Date last seen Price effective from Koha item type
    Dewey Decimal Classification   NOT LOAN / إعارة داخلية مكتبة كلية العلوم الإقتصادية والعلوم التجارية وعلوم التسيير مكتبة كلية العلوم الإقتصادية والعلوم التجارية وعلوم التسيير 07/05/2026 الطابق الأرضي 803/1   أ/803ن1 803/1 07/05/2026 07/05/2026 كتب

موارد الويب المفتوحة


© University of Algiers 3 All Rights Reserved
|
Implemented by LECHELAH Riad